Sharing knowledge : Innovations and remaining challenges

Đã lưu trong:
书目详细资料
企业作者: The World Bank
格式: 图书
语言:Undetermined
出版: Washington, D.C The World Bank 2003
主题:
标签: 添加标签
没有标签, 成为第一个标记此记录!
Thư viện lưu trữ: Trung tâm Học liệu Trường Đại học Cần Thơ
LEADER 00579nam a2200205Ia 4500
001 CTU_97453
008 210402s9999 xx 000 0 und d
082 |a 332.1532 
082 |b W927 
110 |a The World Bank 
245 0 |a Sharing knowledge : 
245 0 |b Innovations and remaining challenges 
245 4 |c The World Bank 
260 |a Washington, D.C 
260 |b The World Bank 
260 |c 2003 
650 |a Economic assistance,Economic assistance 
650 |x Eeveloping countries 
904 |i Minh 
980 |a Trung tâm Học liệu Trường Đại học Cần Thơ